Atmospheric electricity
Saved in:
| Hovedforfatter: | |
|---|---|
| Format: | Bog |
| Sprog: | engelsk |
| Udgivet: |
Londres
Pergamon
1967
|
| Udgivelse: | 2a. ed |
| Fag: | |
| Tags: |
Tilføj Tag
Ingen Tags, Vær først til at tagge denne postø!
|
MARC
| LEADER | 00000nam a2200000 a 4500 | ||
|---|---|---|---|
| 001 | UCP8183 | ||
| 003 | CL-VaPUC | ||
| 008 | 000114e19670000UK |||||||||||||||||eng|d | ||
| 082 | 0 | 4 | |a 551.563 |b CHA |2 21 |
| 100 | 0 | |a Chalmers, J. Alan |e author |9 437935 | |
| 245 | 1 | 0 | |a Atmospheric electricity |
| 250 | |a 2a. ed | ||
| 300 | |a 515 p | ||
| 942 | |c BK | ||
| 945 | |d 20000114 00:00:00 |a cmena | ||
| 260 | |a Londres |b Pergamon |c 1967 | ||
| 500 | |a Donación de Don Walter Zeller Allier | ||
| 650 | 0 | |a Electricidad |9 260222 | |
| 650 | 0 | |a Propiedades eléctricas |9 271909 | |
| 650 | 7 | |a SUPERCONDUCTIVIDAD |2 CL-VaPUC |9 314465 | |
| 650 | 0 | |a Propagación de ondas |9 263256 | |
| 583 | |a last modification |c 20000114 00:00:00 |k Rodrigo Vera | ||
| 999 | |c 285123 |d 285121 | ||